Noms de famille dans Hunger Games - Statistiques

Statistiques générales
  • Ce quiz a été pris 57 fois
  • Le résultat moyen est 15 sur 22
Statistiques - réponses
Prénom Nom % Correct
Katniss Everdeen
100%
Primrose Everdeen
100%
Coriolanus Snow
96%
Peeta Mellark
94%
Effie Trinket
91%
Finnick Odair
87%
Haymitch Abernathy
81%
Seneca Crane
81%
Caesar Flickerman
81%
Alma Coin
79%
Johanna Mason
75%
Annie Cresta
74%
Maysilee Donner
70%
Plutarch Heavensbee
68%
Gale Hawthorne
62%
Sae Boui-boui
58%
Beetee Latier
43%
Claudius Templesmith
43%
Madge Undersee
42%
Romulus Thread
26%
Delly Cartwright
21%
Fulvia Cardew
15%
Aucun quiz correspondant
Distribution des résultats
% des personnes avec chaque résultat
Percentile par nombre de réponses
Votre historique - résultats
Vous n’avez pas pris ce quiz